000 00774nam a22002412a 4500
001 24486
003 BD-RJUL
005 20211209001046.0
008 140313s19681940enkab 001 0 eng d
035 _a(BD-RJUL)24553
040 _aDLC
_cKSW
_dEQO
_beng
041 _aeng
082 _a940.27
_bAYE 1968
100 1 _aAyerst, David George Ogilvy.
_975380
245 1 0 _aEurope in the nineteenth century /
_cby D. G. O. Ayerst ...
260 _aCambridge [Eng.] :
_bThe University Press,
_cC1940 [reprinting 1968]
300 _axiv p., 1 leaf, 432 p. :
_billus. (incl. maps, geneal. tables) ;
_c20 cm
504 _aincludes index
651 0 _aEurope
_xHistory
_y1789-1900
_969784
651 0 _aEurope
_xHistory
_y20th century
_99816
942 _2ddc
_cBK
999 _c24486
_d24486